| 000 | 00798cab a2200277 4500 | ||
|---|---|---|---|
| 001 | ABS59953 | ||
| 008 | 090401t1999 xxu||||| |||| 00| 0 eng d | ||
| 035 | _a(Sirsi) u90982 | ||
| 041 | _aeng | ||
| 100 | _aJones, M. | ||
| 245 | _aWinds of change | ||
| 260 | _c1999 | ||
| 350 | _a0 | ||
| 490 |
_aNew Civil Engineer _v28 January 1999, 18-20(3) |
||
| 520 | _aConsiders the effects of current and future climate change on the environment, and discusses how such changes may affect the construction industry. | ||
| 650 | _aBRE | ||
| 650 | _aCLIMATE CHANGE | ||
| 650 | _aCLIMATE | ||
| 650 | _aCONSTRUCTION INDUSTRY | ||
| 650 | _aCONTRACTORS | ||
| 650 | _aRISING SEA LEVELS | ||
| 650 | _aWEATHER | ||
| 690 | _aENVIRONMENTAL AND LAND CONSULTANCY | ||
| 942 | _n0 | ||
| 948 | _c29/01/1999 | ||
| 999 |
_c57725 _d57725 |
||